| 000 | 01289nam a2200325 a 4500 | ||
|---|---|---|---|
| 001 | ebr10630595 | ||
| 003 | CaPaEBR | ||
| 006 | m u | ||
| 007 | cr cn||||||||| | ||
| 008 | 110927s2012 enka sb 001 0 eng d | ||
| 010 | _z 2011035811 | ||
| 020 | _z9780813823911 (hard cover : alk. paper) | ||
| 020 | _z9781118229293 (e-book) | ||
| 040 |
_aCaPaEBR _cCaPaEBR |
||
| 035 | _a(OCoLC)798791828 | ||
| 050 | 1 | 4 |
_aQK898.A57 _bA53 2012eb |
| 082 | 0 | 4 |
_a613.2/86 _223 |
| 245 | 0 | 0 |
_aAnalysis of antioxidant-rich phytochemicals _h[electronic resource] / _cedited by Zhimin Xu and Luke R. Howard. |
| 260 |
_aChichester, West Sussex, U.K. ; _aAmes, Iowa : _bWiley-Blackwell, _c2012. |
||
| 300 |
_axi, 391 p. : _bill. |
||
| 504 | _aIncludes bibliographical references and index. | ||
| 533 |
_aElectronic reproduction. _bPalo Alto, Calif. : _cebrary, _d2011. _nAvailable via World Wide Web. _nAccess may be limited to ebrary affiliated libraries. |
||
| 650 | 0 | _aAntioxidants. | |
| 650 | 0 |
_aPhytochemicals _xAnalysis. |
|
| 655 | 7 |
_aElectronic books. _2local |
|
| 700 | 1 |
_aXu, Zhimin, _d1964- |
|
| 700 | 1 | _aHoward, Luke R. | |
| 710 | 2 | _aebrary, Inc. | |
| 856 | 4 | 0 |
_uhttp://site.ebrary.com/lib/rucke/Doc?id=10630595 _zAn electronic book accessible through the World Wide Web; click to view |
| 999 |
_c71534 _d71534 |
||